Poesías completas

Պահպանված է:
Մատենագիտական մանրամասներ
Հիմնական հեղինակ: Machado, Antonio
Ձևաչափ: Գիրք
Լեզու:Undetermined
Հրապարակվել է: Madrid, España Espasa-Calpe 1983
Հրատարակություն:9
Խորագրեր:
Ցուցիչներ: Ավելացրեք ցուցիչ
Չկան պիտակներ, Եղեք առաջինը, ով նշում է այս գրառումը!

MARC

LEADER 00000nam a2200000Ia 4500
008 170316s9999 xx 000 0 und d
040 |a cru BVZT 
090 |a 862 M-1po 
100 |a Machado, Antonio 
245 |a Poesías completas 
250 |a 9 
260 |a Madrid, España 
260 |b Espasa-Calpe 
260 |c 1983 
300 |a 424 páginas 
650 |a LITERATURA ESPAÑOLA 
650 |a POESÍAS 
999 |c 10116  |d 10116 
942 |c 15 D  |h 862 M-1po  |2 z